| 000 | 00451nam a2200181Ia 4500 | ||
|---|---|---|---|
| 001 | 20880 | ||
| 005 | 20260306172838.0 | ||
| 008 | 260306t2022||||xx |||||||||||||| ||spa|| | ||
| 041 | _aESP | ||
| 082 |
_a343.8 _bM86M |
||
| 100 |
_aMorales Mejía, Jaime _eAUT |
||
| 245 | 0 | _aManual operativo de la reforma tributaria 2022-2023 | |
| 260 | _c2022 | ||
| 300 |
_a478 páginas : _c29 cm. |
||
| 650 | _aGEN | ||
| 654 | _aCCO | ||
| 942 |
_cLIB _dJUS _fJUS _2ddc _n |
||
| 999 |
_c20880 _d20880 |
||